[Event "World Blitz Women 2025"]
[Site "Doha QAT"]
[Date "2025.12.30"]
[Round "12.6"]
[White "Yip, Carissa"]
[Black "Lagno, Kateryna"]
[Result "1-0"]
[WhiteTitle "IM"]
[BlackTitle "GM"]
[WhiteElo "2459"]
[BlackElo "2508"]
[WhiteFideId "2090732"]
[BlackFideId "14109336"]
[EventDate "2025.12.29"]

1. e4 e5 2. Nf3 Nc6 3. Bc4 Nf6 4. d3 Be7 5. O-O O-O 6. c3 d6 7. a4 a6 8. Nbd2 h6
9. Re1 Re8 10. a5 Bf8 11. Qb3 Qe7 12. d4 Rb8 13. h3 g6 14. Nf1 Bg7 15. Ng3 Qf8
16. Nh4 Rd8 17. Nxg6 Qe8 18. Nh4 exd4 19. Nhf5 d5 20. Bd3 Bxf5 21. Nxf5 dxe4 22.
Bxh6 Bxh6 23. Nxh6+ Kf8 24. Bxe4 Nxe4 25. Rxe4 Qd7 26. Rg4 Ne5 27. Qb4+ Qd6 28.
Rg8+ Ke7 29. Nf5+ Ke6 30. Nxd6 Rxg8 31. Ne4 d3 32. Nc5+ Kf5 33. Qe4+ Kf6 34. f4
Nc6 35. Nd7+ Kg7 36. Nxb8 1-0

[Event "World Blitz Women 2025"]
[Site "Doha QAT"]
[Date "2025.12.30"]
[Round "12.7"]
[White "Arabidze, Meri"]
[Black "Khafizova, Diana"]
[Result "1/2-1/2"]
[WhiteTitle "IM"]
[BlackTitle "WFM"]
[WhiteElo "2413"]
[BlackElo "2234"]
[WhiteFideId "13604040"]
[BlackFideId "34378049"]
[EventDate "2025.12.29"]

1. c4 e6 2. Nf3 d5 3. cxd5 exd5 4. g3 Nf6 5. Bg2 Be7 6. O-O O-O 7. b3 c6 8. Bb2
Bf5 9. d3 h6 10. Na3 Nbd7 11. Nc2 Re8 12. b4 a5 13. b5 cxb5 14. Ncd4 Bh7 15.
Nxb5 Qb6 16. a4 Nc5 17. Bd4 Rac8 18. Rb1 Qa6 19. Be5 Red8 20. h3 Ne8 21. Nfd4
Bf6 22. Bxf6 Qxf6 23. Qd2 b6 24. Qa2 Ne6 25. Nxe6 Qxe6 26. Rfc1 Rxc1+ 27. Rxc1
h5 28. Nd4 Qf6 29. Nc6 Rd6 30. Bxd5 Bf5 31. Bg2 Bxh3 32. Bxh3 Rxc6 33. Rxc6 Qxc6
34. Bg2 Qc1+ 35. Kh2 Nf6 36. f3 g6 37. Qb3 Qc7 38. Qc4 Qxc4 39. dxc4 Nd7 40. f4
Nc5 41. Bc6 Kf8 42. Kg2 Ke7 43. Kf3 f6 44. e4 g5 45. Bb5 Kd6 46. Be8 Ke7 47. Bb5 1/2-1/2

[Event "World Blitz Women 2025"]
[Site "Doha QAT"]
[Date "2025.12.30"]
[Round "12.8"]
[White "Badelka, Olga"]
[Black "Mungunzul, Bat-Erdene"]
[Result "0-1"]
[WhiteTitle "IM"]
[BlackTitle "WIM"]
[WhiteElo "2395"]
[BlackElo "2350"]
[WhiteFideId "13509926"]
[BlackFideId "4902831"]
[EventDate "2025.12.29"]

1. d4 d6 2. Nf3 g6 3. e4 Nf6 4. Nbd2 Bg7 5. Bd3 O-O 6. O-O Nbd7 7. Re1 c5 8. c3
e6 9. h3 b6 10. e5 dxe5 11. dxe5 Nd5 12. c4 Ne7 13. Ne4 Nxe5 14. Nxe5 Bxe5 15.
Nxc5 Bg7 16. Ne4 Bb7 17. Bg5 f6 18. Be3 Nf5 19. c5 Nxe3 20. Rxe3 Qd5 21. Qf1
bxc5 22. Bc4 Qc6 23. Rd1 Kh8 24. Rd6 Qc7 25. Rxe6 Rad8 26. Ng3 f5 27. Re7 Rd7
28. Rxd7 Qxd7 29. Qe2 Qc6 30. f3 Bd4 31. Kh1 Bxe3 32. Qxe3 Qd6 33. Ne2 Kg7 34.
Nf4 Bc8 35. b3 Bd7 36. Nd5 Re8 37. Qc1 Bc6 38. Qd2 Qe5 39. Qg5 Bxd5 0-1

[Event "World Blitz Women 2025"]
[Site "Doha QAT"]
[Date "2025.12.30"]
[Round "12.9"]
[White "Nurman, Alua"]
[Black "Injac, Teodora"]
[Result "1-0"]
[WhiteTitle "WGM"]
[BlackTitle "IM"]
[WhiteElo "2367"]
[BlackElo "2421"]
[WhiteFideId "13729390"]
[BlackFideId "932400"]
[EventDate "2025.12.29"]

1. e4 e5 2. Nf3 Nc6 3. Bc4 Bc5 4. d3 Nf6 5. Nc3 h6 6. Be3 Bb4 7. O-O Bxc3 8.
bxc3 d6 9. a4 a5 10. h3 O-O 11. Qb1 b6 12. Re1 Ne7 13. Bb3 Ng6 14. Qd1 Re8 15.
Nd2 Be6 16. Bxe6 Rxe6 17. c4 Nd7 18. Rf1 Nc5 19. g3 Re8 20. Kh2 Qd7 21. f4 Kh7
22. f5 Nf8 23. f6 g6 24. Nb3 Nxb3 25. cxb3 Qe6 26. Qd2 Nd7 27. Rf2 h5 28. Bh6
Nxf6 29. Raf1 Ng8 30. Rxf7+ Kh8 31. Bg7+ 1-0

[Event "World Blitz Women 2025"]
[Site "Doha QAT"]
[Date "2025.12.30"]
[Round "12.10"]
[White "Lei, Tingjie"]
[Black "Nurgaliyeva, Zarina"]
[Result "0-1"]
[WhiteTitle "GM"]
[BlackTitle "WIM"]
[WhiteElo "2569"]
[BlackElo "2305"]
[WhiteFideId "8605114"]
[BlackFideId "13730096"]
[EventDate "2025.12.29"]

1. e4 e5 2. Nf3 Nc6 3. Bc4 Nf6 4. d3 Bc5 5. Be3 Bb6 6. O-O d6 7. a4 h6 8. Nbd2
O-O 9. c3 Be6 10. Bxe6 fxe6 11. b4 Bxe3 12. fxe3 Ne7 13. Qb3 Qd7 14. a5 a6 15.
Rad1 Ng6 16. d4 Qe7 17. dxe5 Nxe5 18. Nxe5 dxe5 19. Nf3 Nxe4 20. Qc2 Nd6 21.
Nxe5 Qg5 22. Ng6 Qxe3+ 23. Kh1 Rxf1+ 24. Rxf1 Ne4 25. Ne7+ Kh8 26. Ng6+ Kg8 27.
Ne7+ Kh8 28. Ng6+ Kh7 29. Ne5 Rd8 30. Qb1 Kg8 31. Ng4 Qd3 32. Qe1 Nxc3 33. Qxe6+
Kh8 34. Re1 Ne4 35. Ne5 Nf2+ 36. Kg1 Qd4 37. Nf7+ Kh7 38. Qe3 Ng4 39. Qxd4 Rxd4
40. h3 Nf6 41. Re7 Rxb4 42. Rxc7 Rb5 43. Nd6 Rxa5 44. Rxb7 Kg6 45. Ra7 Ra2 46.
Nc4 Nd5 47. Ne5+ Kf6 48. Ng4+ Kg6 49. Ne5+ Kh7 50. Ng4 Nf4 51. Ne3 0-1

[Event "World Blitz Women 2025"]
[Site "Doha QAT"]
[Date "2025.12.30"]
[Round "12.11"]
[White "Wang, Chuqiao"]
[Black "Zhu, Jiner"]
[Result "0-1"]
[WhiteTitle "WIM"]
[BlackTitle "GM"]
[WhiteElo "2235"]
[BlackElo "2579"]
[WhiteFideId "8631638"]
[BlackFideId "8608059"]
[EventDate "2025.12.29"]

1. d4 Nf6 2. c4 e6 3. Nf3 d5 4. Nc3 Bb4 5. Qa4+ Nc6 6. e3 O-O 7. Qc2 Re8 8. Bd2
a6 9. a3 Bf8 10. Bd3 dxc4 11. Bxc4 h6 12. Ba2 Bd6 13. Ne4 Nxe4 14. Qxe4 e5 15.
dxe5 Nxe5 16. O-O Bd7 17. Nxe5 Bxe5 18. Qf3 Bf6 19. Bc3 Bc6 20. Qg3 Bxc3 21.
bxc3 Qe7 22. Bb3 Rad8 23. h3 Rd3 24. Rfc1 Red8 25. Qf4 R8d6 26. Rd1 Qd7 27. Rxd3
Rxd3 28. Rc1 Rd6 29. Qb4 Rg6 30. e4 0-1

[Event "World Blitz Women 2025"]
[Site "Doha QAT"]
[Date "2025.12.30"]
[Round "12.12"]
[White "Nguyen Hong Nhung"]
[Black "Divya, Deshmukh"]
[Result "0-1"]
[WhiteTitle "FM"]
[BlackTitle "GM"]
[WhiteElo "2268"]
[BlackElo "2497"]
[WhiteFideId "12412201"]
[BlackFideId "35006916"]
[EventDate "2025.12.29"]

1. e4 g6 2. d4 Bg7 3. Nc3 d6 4. Be3 a6 5. g4 b5 6. Bg2 Bb7 7. h4 h6 8. h5 g5 9.
Qd2 Nd7 10. O-O-O c5 11. dxc5 Nxc5 12. Bd4 Nf6 13. f3 Rc8 14. Kb1 Ne6 15. Nge2
Nxd4 16. Nxd4 e6 17. Qe3 Nd7 18. Nce2 Ne5 19. f4 Nc4 20. Qf2 gxf4 21. Nxf4 Bxd4
22. Qxd4 e5 23. Qa7 Rc7 24. Nd3 Bxe4 25. Qf2 Bxg2 26. Qxg2 Ne3 27. Qe4 Nxd1 28.
Rxd1 Rc4 29. Qb7 Qc8 30. Qb6 O-O 31. Qxd6 Qe6 32. Qxe5 Qxe5 33. Nxe5 Rf4 34. b3
Re8 35. Rd5 Kg7 36. c4 bxc4 37. bxc4 Re4 38. Nd3 Rxc4 39. Rd6 Rb8+ 40. Ka1 Rxg4
41. a3 Rg1+ 42. Ka2 Rd1 43. Rd4 Rd2+ 44. Ka1 Rb3 45. Rg4+ Kf8 46. Nc5 Rc3 47.
Kb1 Rxc5 48. Rb4 Rb5 0-1

[Event "World Blitz Women 2025"]
[Site "Doha QAT"]
[Date "2025.12.30"]
[Round "12.13"]
[White "Danielian, Elina"]
[Black "Shukhman, Anna"]
[Result "0-1"]
[WhiteTitle "GM"]
[BlackTitle "WGM"]
[WhiteElo "2408"]
[BlackElo "2431"]
[WhiteFideId "13300210"]
[BlackFideId "54180058"]
[EventDate "2025.12.29"]

1. d4 Nf6 2. Bg5 d5 3. Bxf6 gxf6 4. e3 c5 5. c4 cxd4 6. exd4 Nc6 7. Nf3 e5 8.
cxd5 Qxd5 9. Nc3 Bb4 10. dxe5 Qxd1+ 11. Rxd1 fxe5 12. Bb5 Bd7 13. O-O Bxc3 14.
bxc3 f6 15. Nh4 O-O-O 16. Rd6 Rhf8 17. Rfd1 a6 18. Bd3 f5 19. f3 Kc7 20. Rh6 Rf7
21. Bc4 Re7 22. Kf2 e4 23. Re1 Ne5 24. Bf1 Rf8 25. h3 Bc6 26. Rh5 exf3 27. Nxf3
Bxf3 28. gxf3 Rfe8 29. Rd1 f4 30. Bd3 Nxd3+ 31. Rxd3 Re2+ 32. Kf1 Re1+ 0-1

[Event "World Blitz Women 2025"]
[Site "Doha QAT"]
[Date "2025.12.30"]
[Round "12.14"]
[White "Muzychuk, Mariya"]
[Black "Tarasenka, Aliaksandra"]
[Result "1-0"]
[WhiteTitle "GM"]
[BlackTitle "WIM"]
[WhiteElo "2475"]
[BlackElo "2266"]
[WhiteFideId "14114550"]
[BlackFideId "13514288"]
[EventDate "2025.12.29"]

1. e4 c5 2. Nf3 e6 3. c3 d5 4. exd5 Qxd5 5. d4 Nf6 6. Na3 a6 7. Nc4 Nbd7 8. Be2
b5 9. Na5 Bd6 10. O-O Bc7 11. c4 bxc4 12. Nxc4 O-O 13. Ne3 Qd6 14. dxc5 Nxc5 15.
Qxd6 Bxd6 16. Nc4 Bc7 17. Be3 Nce4 18. Nb6 Bxb6 19. Bxb6 Bb7 20. Bd4 a5 21. Rfd1
Ba6 22. Bxa6 Rxa6 23. Rac1 Nd5 24. Nd2 Nd6 25. Bc5 Rb8 26. b3 h6 27. Nc4 Ne4 28.
Bd4 a4 29. Rd3 axb3 30. axb3 Rc8 31. Rdd1 Ra2 32. f3 Nef6 33. Be5 Nd7 34. Bg3
N7f6 35. Nd6 Rd8 36. Ne4 Re8 37. Nxf6+ Nxf6 38. b4 Nd5 39. b5 Ne3 40. Rd3 Rxg2+
41. Kh1 Re2 42. b6 Nf5 43. b7 Nxg3+ 44. hxg3 Rb2 45. Rc8 Kf8 46. Rdd8 1-0

[Event "World Blitz Women 2025"]
[Site "Doha QAT"]
[Date "2025.12.30"]
[Round "12.15"]
[White "Salimova, Nurgyul"]
[Black "Vo, Thi Kim Phung"]
[Result "1-0"]
[WhiteTitle "IM"]
[BlackTitle "WGM"]
[WhiteElo "2396"]
[BlackElo "2322"]
[WhiteFideId "2915138"]
[BlackFideId "12401838"]
[EventDate "2025.12.29"]

1. d4 Nf6 2. Nf3 e6 3. c4 d5 4. g3 c6 5. Bg2 Be7 6. O-O O-O 7. Qc2 b6 8. Rd1 Bb7
9. b3 Nbd7 10. Bb2 Rc8 11. Nbd2 c5 12. Rac1 dxc4 13. bxc4 cxd4 14. Bxd4 Ba3 15.
Bb2 Bxb2 16. Qxb2 Qe7 17. Nb3 Nc5 18. Nbd4 Be4 19. Nb5 Rfd8 20. Qa3 a6 21. Nbd4
Qb7 22. Nb3 h6 23. Rxd8+ Rxd8 24. Nxc5 bxc5 25. Qxc5 Qb2 26. Re1 Qxa2 27. Qc7
Rf8 28. Ne5 Bxg2 29. Kxg2 Qd2 30. Nf3 Qc3 31. Rd1 a5 32. Rd8 Rxd8 33. Qxd8+ Kh7
34. Qc7 a4 35. Qxf7 Qxc4 36. Qa7 Qb3 37. Nd4 Qd5+ 38. f3 Qc4 39. e3 Nd5 40. Nxe6
Qc3 41. e4 Ne3+ 42. Kh3 a3 43. Nf8+ Kg8 44. Ne6 Kh7 45. Nf8+ Kg8 46. Ne6 Qf6 47.
Qa8+ Kf7 48. Nd8+ Kg6 49. Qxa3 Qxd8 50. Qxe3 Qd1 51. Qf2 Kf6 52. Kg2 Qa1 53.
Qb6+ Kf7 54. Qc7+ Kg6 55. Qc6+ Kh7 56. Qc2 Qd4 57. Qf2 Qa1 58. Qe2 Qe5 59. f4
Qd4 60. e5 Qd5+ 61. Qf3 Qd2+ 62. Kh3 Qe1 63. Qd3+ Kg8 64. Qc4+ Kf8 65. e6 Ke7
66. f5 Qe5 67. Qh4+ Ke8 68. Qh5+ Kd8 69. Qf7 Qd5 70. Qf8+ Kc7 71. Qxg7+ Kc6 72.
Qd7+ Qxd7 73. exd7 Kxd7 74. Kg4 Ke7 75. Kh5 Kf6 76. g4 Kg7 77. h4 Kh7 78. f6 Kg8
79. Kxh6 Kf7 80. g5 1-0

[Event "World Blitz Women 2025"]
[Site "Doha QAT"]
[Date "2025.12.30"]
[Round "12.16"]
[White "Ju, Wenjun"]
[Black "Tokhirjonova, Gulrukhbegim"]
[Result "1-0"]
[WhiteTitle "GM"]
[BlackTitle "IM"]
[WhiteElo "2565"]
[BlackElo "2372"]
[WhiteFideId "8603006"]
[BlackFideId "14203626"]
[EventDate "2025.12.29"]

1. Nf3 d5 2. g3 Nf6 3. Bg2 g6 4. c4 c6 5. b3 Bg7 6. Bb2 O-O 7. O-O Bf5 8. d3
Nbd7 9. Nbd2 Re8 10. Nd4 e5 11. Nxf5 gxf5 12. cxd5 cxd5 13. e3 Rc8 14. Rc1 Nc5
15. Nf3 e4 16. dxe4 fxe4 17. Nd4 Nd3 18. Rxc8 Qxc8 19. Ba1 Qg4 20. f3 Qg5 21.
Qd2 Bh6 22. f4 Qh5 23. h3 Nd7 24. g4 Qg6 25. Nf5 Bf8 26. Qc3 f6 27. Qc7 Qf7 28.
Qxb7 a5 29. g5 Qe6 30. Nd4 Qd6 31. h4 Rb8 32. Qc6 Qxc6 33. Nxc6 Rb6 34. Nd4 a4
35. Bh3 N7c5 36. bxa4 Kf7 37. a5 Ra6 38. Bc3 Na4 39. Bd2 Nab2 40. Rb1 Be7 41.
Bc8 Ra8 42. Bb7 Rb8 43. Bxd5+ Kf8 44. Bxe4 Ra8 1-0

[Event "World Blitz Women 2025"]
[Site "Doha QAT"]
[Date "2025.12.30"]
[Round "12.17"]
[White "Vaishali, Rameshbabu"]
[Black "Munkhzul, Turmunkh"]
[Result "0-1"]
[WhiteTitle "GM"]
[BlackTitle "WGM"]
[WhiteElo "2473"]
[BlackElo "2271"]
[WhiteFideId "5091756"]
[BlackFideId "4901878"]
[EventDate "2025.12.29"]

1. d4 Nf6 2. Nf3 d5 3. Bg5 e6 4. Nbd2 Be7 5. e3 O-O 6. Bd3 b6 7. Qe2 Bb7 8. c3
c5 9. Ne5 Nbd7 10. f4 Ne4 11. Bxe7 Qxe7 12. O-O f5 13. Nxd7 Qxd7 14. Nf3 Rac8
15. Ne5 Qe7 16. Rf3 Bc6 17. Rh3 Be8 18. g4 Bg6 19. Bxe4 dxe4 20. Kh1 cxd4 21.
exd4 fxg4 22. Nxg6 hxg6 23. Qxg4 Qf6 24. Rg1 Qxf4 25. Qxe6+ Qf7 26. Qxe4 Rce8
27. Qxg6 Qd5+ 28. Qg2 Qxg2+ 29. Kxg2 Re2+ 30. Kg3 Rxb2 31. Re1 Rxa2 32. Rh4 Rc2
33. Re3 Rc8 34. Kf4 R2xc3 35. Rxc3 Rxc3 36. Ke5 Kf7 37. Kd6 Rd3 38. d5 Kf6 39.
Kc6 Rc3+ 40. Kd7 g5 41. Rd4 Ke5 42. Rd2 a5 43. d6 a4 44. Ke7 Rh3 45. d7 Rh7+ 46.
Ke8 Rh8+ 47. Ke7 Rh7+ 48. Kd8 b5 49. Kc8 Rh8+ 50. Kb7 b4 51. Re2+ Kd6 52. Rd2+
Ke7 53. Kc7 a3 54. d8=Q+ Rxd8 55. Rxd8 b3 56. Rd3 a2 57. Re3+ Kf6 0-1

[Event "World Blitz Women 2025"]
[Site "Doha QAT"]
[Date "2025.12.30"]
[Round "12.18"]
[White "Shuvalova, Polina"]
[Black "Kamalidenova, Meruert"]
[Result "1-0"]
[WhiteTitle "IM"]
[BlackTitle "IM"]
[WhiteElo "2502"]
[BlackElo "2366"]
[WhiteFideId "24171760"]
[BlackFideId "13712802"]
[EventDate "2025.12.29"]

1. e4 c5 2. Nf3 Nc6 3. Bb5 e6 4. O-O Nge7 5. Re1 h6 6. d4 cxd4 7. Nxd4 Qb6 8.
Nxc6 bxc6 9. Bd3 Ng6 10. b3 Bc5 11. Qe2 O-O 12. e5 d6 13. Bxg6 fxg6 14. Be3 d5
15. Bxc5 Qxc5 16. c3 Ba6 17. Qe3 Qe7 18. Nd2 c5 19. a3 Rf5 20. b4 Raf8 21. f3 c4
22. Nf1 Qf7 23. Ng3 Rg5 24. a4 Bc8 25. Rad1 Qe7 26. Rd4 Bd7 27. a5 Ba4 28. Qf2
Qc7 29. f4 h5 30. Qe3 Rg4 31. h3 Rh4 32. Ne2 Bc2 33. Qg3 Qe7 34. Kh2 Bf5 35. Ng1
Be4 36. Ne2 Bf5 37. Qe3 Qd8 38. Ng1 g5 39. fxg5 Rxd4 40. cxd4 Be4 41. Re2 c3 42.
Qxc3 Qxg5 43. Qg3 Qc1 44. Qe3 Qb1 45. Qc3 Rf1 46. Nf3 Bxf3 47. gxf3 h4 48. Kg2
Rg1+ 49. Kf2 Rg3 50. Ke3 Qg1+ 51. Kd2 Rxh3 52. Qc8+ Kh7 53. Qxe6 Qg5+ 54. Kc2
Rxf3 55. Qxd5 Qf5+ 56. Kb2 Rf2 57. Rxf2 Qxf2+ 58. Ka3 Qg3+ 59. Ka4 h3 60. e6 h2
61. e7 Qe3 62. Qh5+ Qh6 63. Qf5+ g6 64. Qf7+ Qg7 65. e8=Q h1=Q 66. Qeg8+ 1-0

[Event "World Blitz Women 2025"]
[Site "Doha QAT"]
[Date "2025.12.30"]
[Round "12.19"]
[White "Buksa, Nataliya"]
[Black "Dronavalli, Harika"]
[Result "1-0"]
[WhiteTitle "IM"]
[BlackTitle "GM"]
[WhiteElo "2397"]
[BlackElo "2466"]
[WhiteFideId "14123622"]
[BlackFideId "5015197"]
[EventDate "2025.12.29"]

1. d4 e6 2. Nc3 d5 3. Bf4 a6 4. e3 Nf6 5. Nf3 h6 6. Bd3 c5 7. O-O Nc6 8. Ne5 Bd7
9. Be2 Rc8 10. Bf3 b5 11. a4 b4 12. Nb1 Be7 13. c3 O-O 14. Nd2 Be8 15. Re1 Qb6
16. Nb3 c4 17. Nd2 Nxe5 18. Bxe5 Bc6 19. e4 dxe4 20. Nxe4 Bxe4 21. Bxe4 bxc3 22.
bxc3 Qb3 23. Qd2 Nxe4 24. Rxe4 Rc6 25. Rg4 Rb6 26. Rf1 Bg5 27. f4 f6 28. Bc7 Rc6
29. Ba5 f5 30. d5 fxg4 31. dxc6 Bf6 32. Qe3 Re8 33. f5 Qxa4 34. Qc5 Qb5 35. Qxb5
axb5 36. Rb1 exf5 37. Rxb5 1-0

[Event "World Blitz Women 2025"]
[Site "Doha QAT"]
[Date "2025.12.30"]
[Round "12.20"]
[White "Bulmaga, Irina"]
[Black "Khademalsharieh, Sarasadat"]
[Result "1-0"]
[WhiteTitle "IM"]
[BlackTitle "IM"]
[WhiteElo "2389"]
[BlackElo "2414"]
[WhiteFideId "13903063"]
[BlackFideId "12512214"]
[EventDate "2025.12.29"]

1. e4 e5 2. Nf3 Nc6 3. d4 exd4 4. c3 d5 5. exd5 Qxd5 6. cxd4 Bg4 7. Be3 Bb4+ 8.
Nc3 Nge7 9. Be2 O-O 10. O-O Bxc3 11. bxc3 Na5 12. h3 Bh5 13. Bf4 Rac8 14. Qc2 c5
15. c4 Qd8 16. d5 Bg6 17. Qc3 Nf5 18. g4 Ne7 19. Ne5 b6 20. Rad1 Nb7 21. d6 Nc6
22. d7 Rc7 23. Nxc6 Rxc6 24. Bf3 Na5 25. Bd6 Rxd6 26. Rxd6 h5 27. Re1 hxg4 28.
hxg4 Kh7 29. Kg2 Qg5 30. Qd2 Qd8 31. Rh1+ Kg8 32. Qf4 Qe7 33. Qh2 f6 34. Bd5+ 1-0

[Event "World Blitz Women 2025"]
[Site "Doha QAT"]
[Date "2025.12.30"]
[Round "12.21"]
[White "Iudina, Veronika"]
[Black "Maltsevskaya, Aleksandra"]
[Result "1/2-1/2"]
[WhiteTitle "WFM"]
[BlackTitle "IM"]
[WhiteElo "2204"]
[BlackElo "2398"]
[WhiteFideId "24277916"]
[BlackFideId "24174041"]
[EventDate "2025.12.29"]

1. e4 c5 2. c3 e6 3. d4 d5 4. e5 Nc6 5. Nf3 Bd7 6. Be2 Qb6 7. dxc5 Bxc5 8. O-O
a5 9. Nbd2 a4 10. Rb1 Qa7 11. b4 axb3 12. axb3 Nge7 13. b4 Bb6 14. c4 O-O 15. c5
Bd8 16. b5 Na5 17. b6 Qb8 18. Bd3 Ng6 19. Re1 Be7 20. Ba3 Rc8 21. Rc1 Nc6 22.
Bxg6 hxg6 23. Qb3 Ra5 24. Rc3 Qa8 25. Rec1 Qa6 26. Bb2 Nd8 27. Ba3 Nc6 28. Qb2
Ra8 29. Nb1 Rb5 30. Rb3 Rxb3 31. Qxb3 Qa4 32. Qd3 Na5 33. Nfd2 Bb5 34. Qc3 Nc4
35. Nxc4 Bxc4 36. Qe3 Qb5 37. c6 Bxa3 38. cxb7 Rb8 39. Nxa3 Qc6 40. Nxc4 dxc4
41. Rd1 Qxb7 42. Rd6 Qa6 43. h3 Qa1+ 44. Kh2 c3 45. Rc6 Qb2 46. Rxc3 Qxb6 47.
Rc8+ Kh7 48. Rxb8 Qxb8 49. Qg3 Qb5 50. Qf4 Kg8 51. Qg3 Qc4 52. Qe3 Qc2 53. Qf4
Qe2 54. f3 Qe1 55. Qd4 g5 56. Qd8+ Kh7 57. Qxg5 Qe2 58. Qh5+ Kg8 59. Qg5 Qf2 60.
h4 Qd4 61. h5 Kh7 62. Kh3 Qa1 63. Kh2 Qd4 64. f4 Qe4 65. Qg4 Qe3 66. Qg3 Qe2 67.
Qg5 Qe1 68. Qg3 Qd1 69. Qg5 Qe2 70. Qh4 Qe4 71. Qg5 Qe3 72. Qg3 1/2-1/2

[Event "World Blitz Women 2025"]
[Site "Doha QAT"]
[Date "2025.12.30"]
[Round "12.22"]
[White "Kaliakhmet, Elnaz"]
[Black "Tan, Zhongyi"]
[Result "1/2-1/2"]
[WhiteTitle "WIM"]
[BlackTitle "GM"]
[WhiteElo "2329"]
[BlackElo "2524"]
[WhiteFideId "13730169"]
[BlackFideId "8603642"]
[EventDate "2025.12.29"]

1. d4 d5 2. c4 e6 3. Nf3 Nf6 4. Nc3 a6 5. cxd5 exd5 6. Bg5 Be6 7. Bxf6 Qxf6 8.
Qb3 b5 9. a4 b4 10. Nxd5 Qd8 11. e4 c6 12. Qe3 cxd5 13. exd5 Qxd5 14. Bd3 Ra7
15. Rc1 Be7 16. Be4 Qa5 17. d5 b3+ 18. Ke2 Rc7 19. dxe6 fxe6 20. Rxc7 Qxc7 21.
Rc1 Qd8 22. Ne5 O-O 23. Qh3 g6 24. Qxe6+ Kg7 25. Nf3 Bf6 26. Rd1 Qc7 27. Kf1
Bxb2 28. Qxb3 Bf6 29. Kg1 Nd7 30. Bd3 Nc5 31. Qc4 Rd8 32. Be2 Rxd1+ 33. Bxd1 Qd6
34. Be2 a5 35. g3 Ne6 36. Qb5 Bd8 37. Qb7+ Qe7 38. Qd5 Ng5 39. Bc4 Nxf3+ 40.
Qxf3 Bb6 41. Kg2 Qf6 42. Qxf6+ Kxf6 43. f4 Bc5 44. Kf3 h5 45. h3 Bd6 46. g4
hxg4+ 47. hxg4 g5 48. f5 Bb4 49. Ke4 Bc5 50. Kd5 Bb4 51. Bb3 Ba3 1/2-1/2

[Event "World Blitz Women 2025"]
[Site "Doha QAT"]
[Date "2025.12.30"]
[Round "12.23"]
[White "Kosteniuk, Alexandra"]
[Black "Rakshitta, Ravi"]
[Result "1-0"]
[WhiteTitle "GM"]
[BlackTitle "WGM"]
[WhiteElo "2483"]
[BlackElo "2381"]
[WhiteFideId "4128125"]
[BlackFideId "25073230"]
[EventDate "2025.12.29"]

1. e4 e6 2. d4 d5 3. exd5 exd5 4. Bf4 Nf6 5. Nc3 a6 6. Qd2 Bb4 7. Bd3 Nc6 8.
Nge2 O-O 9. O-O-O Re8 10. f3 b5 11. g4 Bd6 12. h4 b4 13. Na4 a5 14. h5 Ba6 15.
Bxa6 Rxa6 16. h6 Rxe2 17. Qxe2 Bxf4+ 18. Kb1 Ra8 19. hxg7 Qe8 20. Qg2 Ne7 21.
Nc5 Ng6 22. g5 Kxg7 23. gxf6+ Kxf6 24. Rxh7 Qe3 25. Qf1 Re8 26. Nd7+ Ke6 27. Re1 1-0

[Event "World Blitz Women 2025"]
[Site "Doha QAT"]
[Date "2025.12.30"]
[Round "12.24"]
[White "Toncheva, Nadya"]
[Black "Kulon, Klaudia"]
[Result "0-1"]
[WhiteTitle "FM"]
[BlackTitle "IM"]
[WhiteElo "2362"]
[BlackElo "2335"]
[WhiteFideId "2924056"]
[BlackFideId "1131044"]
[EventDate "2025.12.29"]

1. e4 e5 2. Nf3 Nc6 3. Bb5 a6 4. Ba4 d6 5. O-O Bd7 6. c4 g6 7. d4 Bg7 8. Bxc6
Bxc6 9. d5 Bd7 10. h3 h6 11. Nc3 f5 12. exf5 gxf5 13. Re1 Ne7 14. Nh4 O-O 15.
Qh5 Qe8 16. Qxe8 Raxe8 17. Bd2 Kh7 18. g3 Bf6 19. Ng2 Ng6 20. Rad1 e4 21. Nf4
Ne5 22. Kg2 Nxc4 23. Bc1 Ne5 24. Nh5 Bh8 25. Be3 Nd3 26. Re2 b5 27. f3 exf3+ 28.
Kxf3 Ne5+ 29. Kg2 Nc4 30. Bd4 Bxd4 31. Rxd4 Rxe2+ 32. Nxe2 Nxb2 33. Nef4 Nc4 34.
Kf3 Ne5+ 35. Kf2 Kg8 36. Rd2 Be8 37. Rc2 Nc4 38. Re2 Bxh5 39. Nxh5 Kf7 40. Re6
c5 41. Rf6+ Ke7 42. Rxh6 Ne5 43. Re6+ Kd7 44. Nf6+ Kc7 45. Ke3 Nc4+ 46. Kf4 Nb6
47. h4 Rxf6 48. Rxf6 Nxd5+ 49. Kxf5 Nxf6 50. Kxf6 c4 51. h5 c3 52. h6 c2 53. h7
c1=Q 54. Kg7 Qg5+ 55. Kf7 Qh5+ 56. Kg7 d5 57. h8=Q Qxh8+ 58. Kxh8 d4 59. g4 d3 0-1

[Event "World Blitz Women 2025"]
[Site "Doha QAT"]
[Date "2025.12.30"]
[Round "12.25"]
[White "Cori T., Deysi"]
[Black "Pham, Le Thao Nguyen"]
[Result "0-1"]
[WhiteTitle "IM"]
[BlackTitle "IM"]
[WhiteElo "2349"]
[BlackElo "2348"]
[WhiteFideId "3801934"]
[BlackFideId "12401226"]
[EventDate "2025.12.29"]

1. Nf3 d5 2. g3 c6 3. Bg2 Bg4 4. Ne5 Bf5 5. c4 e6 6. O-O Nf6 7. b3 Nbd7 8. Nxd7
Qxd7 9. Bb2 Be7 10. d3 O-O 11. Nd2 Rfd8 12. Re1 h6 13. h3 Bh7 14. a3 a5 15. Rc1
Qe8 16. Qc2 Qf8 17. Ra1 Nd7 18. e4 dxe4 19. Nxe4 Nc5 20. Re3 a4 21. b4 Nb3 22.
Rae1 Bxe4 23. Rxe4 Bf6 24. Bxf6 gxf6 25. Qe2 f5 26. Rh4 Qg7 27. g4 Nd4 28. Qd2
Nb3 29. Qe3 f4 30. Qxf4 Rxd3 31. Rxh6 Rd4 32. Qe3 Rad8 33. Rh5 Kf8 34. Be4 Nd2
35. Bc2 Nxc4 36. Qg3 Qf6 37. g5 Qf4 38. Qxf4 Rxf4 39. g6 Rd5 40. Rh8+ Kg7 41.
Rh7+ Kf8 42. g7+ Kg8 43. h4 Rg4+ 44. Kh2 Rd2 45. Kh3 Rxg7 46. Rxg7+ Kxg7 47.
Rg1+ Kf6 48. Bxa4 Rxf2 49. b5 c5 50. Rc1 Rf4 51. Bd1 b6 52. a4 Nd6 53. h5 Kg5
54. a5 bxa5 55. Rxc5+ Rf5 56. Rxf5+ Kxf5 57. b6 Nb7 58. Bf3 Nc5 59. b7 Nxb7 60.
Bxb7 a4 61. Kh4 a3 62. h6 a2 63. h7 a1=Q 0-1

[Event "World Blitz Women 2025"]
[Site "Doha QAT"]
[Date "2025.12.30"]
[Round "12.26"]
[White "Nomin-Erdene, Davaademberel"]
[Black "Berend, Elvira"]
[Result "0-1"]
[WhiteTitle "IM"]
[BlackTitle "WGM"]
[WhiteElo "2312"]
[BlackElo "2265"]
[WhiteFideId "4900782"]
[BlackFideId "4000510"]
[EventDate "2025.12.29"]

1. f4 Nf6 2. Nf3 g6 3. g3 Bg7 4. Bg2 O-O 5. O-O c5 6. d3 d5 7. c3 Nc6 8. Na3 Bg4
9. Qc2 Bxf3 10. Bxf3 e6 11. e4 a6 12. Qf2 b6 13. Bg2 Rc8 14. Qe2 b5 15. Be3 d4
16. Bd2 dxc3 17. bxc3 b4 18. Nc4 bxc3 19. Bxc3 Nd4 20. Qd1 Nd7 21. Rc1 Nb6 22.
Ba5 Rb8 23. Nxb6 Nc6 24. Be1 Qxb6 25. Bf2 Nd4 26. e5 Rfd8 27. Be4 Bf8 28. Rb1
Qa5 29. a4 Rxb1 30. Qxb1 Qxa4 31. Qb6 Rc8 32. Rb1 Nb5 33. Qb7 Rd8 34. Rc1 Qa3
35. Rc4 Nc3 36. Qc7 Re8 37. Bxc5 Bxc5+ 38. Qxc5 Qc1+ 39. Kg2 Qd2+ 40. Kh3 Ne2
41. Qf2 Rb8 42. Rc7 Rb2 43. Kh4 Kg7 44. Qa7 g5+ 45. Kh5 Nxf4+ 46. gxf4 Qxh2+ 47.
Kg4 Qh4+ 48. Kf3 Qh3# 0-1